LEADER 01219nam a2200301 a 4500 001 000000152106 003 CaOOAMICUS 005 20160606102240.0 008 160606s2008 ohu u000 u eng r 020 $a9780801888199* 032 $aLibriCat 040 $aPUL$bita 082 04$a850.9 100 1 $aCox, Virginia.$0(OLS)http://pul/name/96794 245 10$aWomen's writing in Italy 1400-1650 /$cVirginia Cox. 260 $aBaltimore :$bThe Johns Hopkins press,$c©2008. 300 $axxviii, 464 p. ;$c24 cm. 500 $aComprende indici. 504 $aBibliografia in nota a pié pagina 650 4$aLetteratura italiana$ySec. XV-XVII$xCritica e interpretazione.$0(OLS)http://pul/subject/2950 850 $aPUL 852 $aPUL$W1$xSL Cons. Gen., Altre Classi 3$y75$m850. 9 COXVI 1$j174853$qDDC 21$B177408$CPULBib$Z2$F177408 $H127823 $81 941 1 $a9 996 $6020$a9780801888199*$9(OLS)http://pul/number/160486 996 $6082$a850.9$9(OLS)http://pul/classification/1732 996 $6245$aWomen's writing in Italy 1400-1650$9(OLS)http://pul/title/191468 996 $6260$aBaltimore :$bThe Johns Hopkins press$9(OLS)http://pul/publisher/59565 LEADER 01181nam a2200289 u 4500 001 000000047429 003 CaOOAMICUS 005 20070226114902.0 008 991008m19999999it u000 u ita u 020 $a8839608117 (v. 1) 035 $a10834082 040 $aIPA$bita$dBAV 041 1 $aita$agrc 130 0 $aBiblia.$pV.T.$lGreco e italiano.$0(OLS)http://pul/title/63848 245 13$aLa Bibbia dei LXX :$btesto greco con traduzione italiana a fronte. 260 $aRoma :$bEdizioni Dehoniane,$c1999- 300 $av. <1 > ;$c23 cm 504 $aComprende bibliografia. 505 1 $a1. Il Pentateuco / a cura di Luciana Mortari 700 1 $aMortari, Luciana,$csuora.$0(OLS)http://pul/name/5331 850 $aPUL 852 $aPUL$W1$xSL Cons. Gen., Altre Classi 1$y1$m2004 F 15$j63383$nBK-PRI$b $qStampati$B63383$CPULBib$Z2$F63383 $H $81 941 1 $a8 961 $aINV: 80427 996 $6020$a8839608117 (v. 1)$9(OLS)http://pul/number/59222 996 $6245$aLa Bibbia dei LXX :$btesto greco con traduzione italiana a fronte$9(OLS)http://pul/title/63849 996 $6260$aRoma :$bEdizioni Dehoniane$9(OLS)http://pul/publisher/50059